[Event "HCL-B295"]
[Site "www.playchess.de"]
[Date "2001.04.28"]
[Round "8"]
[White "vijal"]
[Black "RedBaron"]
[WhiteElo "799"]
[BlackElo "1500"]
[PlyCount "33"]
[Result "1-0"]

1.d4 d5 2.Nf3 Nf6 3.c4 e6 4.a3 Be7 5.e3 O-O 6.Nc3 
a6 7.b4 b6 8.Bb2 Nbd7 9.cxd5 exd5 10.Be2 Re8 
11.O-O c6 12.Rc1 Bd6 13.h3 b5 14.Qc2 a5 15.Qb3 
axb4 16.axb4 Qe7 17.Rfe1 1-0

[Event "HCL-A136"]
[Site "www.playchess.de"]
[Date "2001.04.28"]
[Round "18"]
[White "myosotis1984"]
[Black "THEGREENMILE"]
[WhiteElo "1346"]
[BlackElo "1300"]
[PlyCount "24"]
[Result "1/2-1/2"]

1.e4 c5 2.Nf3 d6 3.d4 cxd4 4.Nxd4 Nf6 5.Nc3 a6 
6.Be2 Nbd7 7.O-O e6 8.f4 Qc7 9.Kh1 Be7 10.f5 e5 
11.Nb3 b5 12.a3 Bb7 1/2-1/2

[Event "HCL-A136"]
[Site "www.playchess.de"]
[Date "2001.04.28"]
[Round "30"]
[White "teenspirit"]
[Black "Mathew_Cooke"]
[WhiteElo "1686"]
[BlackElo "1499"]
[PlyCount "26"]
[Result "0-1"]

1.e4 {Hi}  e5 {hi we meet again}  2.Nf3 {Yeah}  d6 
3.Bc4 Bg4 4.Nc3 Nf6 5.d3 g6 6.h3 Bxf3 7.Qxf3 Bg7 
8.Bg5 O-O 9.O-O-O Nbd7 10.Qe3 c6 11.f4 h6 12.Bxf6 
Bxf6 13.f5 Bg5 0-1

[Event "HCL-B301"]
[Site "www.playchess.de"]
[Date "2001.04.28"]
[Round "5"]
[White "Shorty"]
[Black "shepherd"]
[WhiteElo "1500"]
[BlackElo "1408"]
[PlyCount "20"]
[Result "0-1"]

1.d4 Nf6 2.c4 {hi hi hi hi hi}  e6 3.Nf3 b6 4.g3 
Bb7 5.Bg2 Be7 6.Nc3 O-O 7.Bg5 d5 8.e3 Ne4 9.Bf4 
Nxc3 10.bxc3 dxc4 0-1

[Event "ACL-A160"]
[Site "www.playchess.de"]
[Date "2001.04.28"]
[Round "2"]
[White "richard"]
[Black "hercos"]
[WhiteElo "1652"]
[BlackElo "1901"]
[PlyCount "53"]
[Result "1-0"]

1.e4 {greetings from america}  c5 2.Nf3 d6 {Brazil 
belongs to America too  :-)}  3.d4 {then we are 
neighbors}  cxd4 4.Nxd4 Nf6 5.Nc3 a6 6.f3 
{najdorf, my favorite}  e6 {English Attack - I 
remember the most important victory of my life. 
How strong are you ?}  7.Be3 {over the board USCF 
1500, and you?}  b5 {It is very relativ. I play 
blindhood in this server. I lose a lot. I have 
already won 2200 FIDE.}  8.Qd2 {I'm impressed}  
Bb7 {Try blindhood. You will lose a lot but afeter 
a period you will feel very powerfull.}  9.g4 {for 
this game I'll look}  h6 10.h4 b4 11.Nce2 d5 12.e5 
Nfd7 13.f4 {gone for one day}  Nb6 14.Ng3 N8d7 
15.O-O-O {Why did you offer Scylla a draw??}  Nc4 
{I can win easily most opponents but I am too 
tired and too busy to play a high quality chess 
game.}  16.Bxc4 {I know Scylla. I usually beat him 
over the board}  dxc4 {YOU MADE A MISTAKE HERE. 
DID YOU ALREADY FIND OUT IT ?}  17.Rh3 {what 
mistake?}  Rc8 {12.e5 ?}  18.Qh2 c3 19.b3 a5 20.f5 
Bd5 21.g5 Nxe5 22.fxe6 fxe6 23.Nxe6 Qe7 24.Nxf8 
{Nxg7+ is good too}  Bf3 25.Nf5 Qxf8 26.Qxe5+ Kf7 
27.Rxf3 1-0

[Event "ACL-A160"]
[Site "www.playchess.de"]
[Date "2001.04.28"]
[Round "16"]
[White "vijal"]
[Black "hercos"]
[WhiteElo "1226"]
[BlackElo "1901"]
[PlyCount "63"]
[Result "1-0"]

1.d4 c6 {Hi, I am a 25 years old electrical 
engineering student from Brazil. I wish you good 
luck.}  2.Nf3 Nf6 3.c4 d5 4.e3 e6 5.a3 a6 6.Nc3 b5 
7.cxd5 cxd5 8.b4 Nbd7 9.Bb2 Nb6 10.Rc1 Bb7 11.Be2 
Nc4 12.Qc2 Nxb2 13.Qxb2 Rc8 14.O-O Be7 15.h3 O-O 
16.Bd3 Rc6 17.Ne2 Rxc1 18.Rxc1 Qd7 19.Ne5 Qd8 
20.Qc3 Nd7 21.Nxd7 Qxd7 22.Qc7 Bc8 23.Qxd7 Bxd7 
24.Rc7 Rd8 25.Ra7 Kf8 26.Rxa6 Rb8 27.Ra7 Rd8 
28.Rb7 Ke8 29.Nc3 Ra8 30.Nxb5 Bxb5 31.Bxb5+ Kf8 
32.Kf1 1-0

[Event "ACL-A160"]
[Site "www.playchess.de"]
[Date "2001.04.28"]
[Round "20"]
[White "vijal"]
[Black "Stalker"]
[WhiteElo "1226"]
[BlackElo "1500"]
[PlyCount "45"]
[Result "1-0"]

1.d4 Nf6 2.Nf3 d5 3.Bf4 c6 4.e3 Bg4 5.c4 e6 6.a3 
Ne4 7.Be2 Qa5+ 8.Nbd2 f5 9.b4 Qd8 10.Nxe4 fxe4 
11.Ne5 Bf5 12.O-O Bd6 13.c5 Be7 14.Bg4 O-O 15.Bg3 
Bg5 16.Be2 a5 17.h3 b5 18.Qd2 h6 19.bxa5 Rxa5 
20.Ng4 Re8 21.Bxb8 Qxb8 22.Ne5 Qa8 
23.Nxc6 1-0

[Event "HCL-C297"]
[Site "www.playchess.de"]
[Date "2001.04.28"]
[Round "10"]
[White "yesbee"]
[Black "ELCUERVO"]
[WhiteElo "1000"]
[BlackElo "1000"]
[PlyCount "49"]
[Result "1-0"]

1.e4 Nf6 2.Nc3 e5 3.Nf3 Nc6 4.Bc4 Qe7 5.O-O Nd4 
6.d3 Qc5 7.Be3 Nxf3+ 8.Qxf3 Qb4 9.Nd5 Qd6 10.Bg5 
c6 11.Nxf6+ Kd8 12.Ne8+ f6 13.Nxd6 Bxd6 14.Bxf6+ 
Be7 15.Bxe7+ Kxe7 16.Qf7+ Kd8 17.Qxg7 Re8 18.Bf7 
d6 19.Bxe8 Kxe8 20.Rfd1 Bd7 21.d4 Kd8 22.dxe5 d5 
23.exd5 Kc7 24.dxc6 Rd8 25.Rxd7+ 1-0

[Event "HCL-B307"]
[Site "www.playchess.de"]
[Date "2001.04.28"]
[Round "1"]
[White "vijal"]
[Black "saxel"]
[WhiteElo "882"]
[BlackElo "1300"]
[PlyCount "25"]
[Result "1-0"]

1.d4 d5 2.Nf3 Nc6 3.Bf4 Bf5 4.e3 f6 5.c4 e6 6.Nc3 
Bb4 7.Rc1 Na5 8.cxd5 Bxc3+ 9.Rxc3 Qxd5 10.Bd3 c6 
11.O-O Bxd3 12.Qxd3 O-O-O 13.Rfc1 1-0

[Event "HCL-A137"]
[Site "www.playchess.de"]
[Date "2001.04.28"]
[Round "12"]
[White "Tiger"]
[Black "Nils"]
[WhiteElo "1990"]
[BlackElo "1753"]
[PlyCount "43"]
[Result "1-0"]

1.e4 e5 2.Nf3 Nc6 3.Bc4 Bc5 4.c3 Nf6 5.d4 exd4 
6.cxd4 Bb4+ 7.Nc3 Nxe4 8.O-O Bxc3 9.d5 Ne5 10.bxc3 
Nxc4 11.Qd4 Ncd6 12.Qxg7 Qf6 13.Qxf6 Nxf6 14.Re1+ 
Kf8 15.Bh6+ {it is won for me}  Kg8 16.Re5 Nfe4 
17.Re1 f5 18.Re7 b5 19.Ne5 Bb7 20.Nxd7 Nf7 
21.R1xe4 Nxh6 22.R4e6 1-0

[Event "HCL-C300"]
[Site "www.playchess.de"]
[Date "2001.04.28"]
[Round "8"]
[White "lsoule"]
[Black "yaroslav"]
[WhiteElo "985"]
[BlackElo "984"]
[PlyCount "47"]
[Result "1-0"]

1.e4 e5 2.Nf3 d6 3.d4 exd4 4.Nxd4 Nc6 5.Nc3 Qf6 
6.Bb5 Bd7 7.Be3 Nh6 8.Qd2 g5 9.O-O-O Bg4 10.Nxc6 
Bxd1 11.Nb4+ c6 12.Bxc6+ bxc6 13.Bd4 Qf4 14.Bxh8 
Qxd2+ 15.Kxd2 Bh5 16.Bf6 d5 17.Nxc6 Kd7 18.exd5 
Kd6 19.Nd4 Rb8 20.Rb1 Kc5 21.a3 Ng4 22.b4+ Kc4 
23.Nc6 Ra8 24.Na5+ 1-0

[Event "HCL-A144"]
[Site "www.playchess.de"]
[Date "2001.04.28"]
[Round "4"]
[White "DepthCharge"]
[Black "ghayth"]
[WhiteElo "1504"]
[BlackElo "1700"]
[PlyCount "21"]
[Result "1-0"]

1.e4 {Good luck from Canada! :)}  c5 2.Nf3 d6 {hi 
from jordan}  3.d4 cxd4 4.Nxd4 Nf6 5.Nc3 {Is 
Jorden very hot?}  a6 6.Bg5 {Where in Jordan do 
you live? I'm in Toronto,Ontario. :)}  e6 7.Be2 
Be7 {in irbid nothern of jordan}  8.f4 Nbd7 9.O-O 
b5 10.Bf3 Bb7 11.Qe2 1-0

[Event "HCL-B321"]
[Site "www.playchess.de"]
[Date "2001.04.28"]
[Round "21"]
[White "fanny"]
[Black "lienk"]
[WhiteElo "1200"]
[BlackElo "1046"]
[PlyCount "71"]
[Result "1-0"]

1.e4 e5 2.Nf3 Nc6 3.Bb5 Nf6 4.d3 Bc5 5.O-O Nd4 
6.Nxd4 Bxd4 7.c3 Bb6 8.Bg5 c6 9.Ba4 O-O 10.Nd2 Bc5 
11.b4 Be7 12.Nf3 h6 13.Bh4 a6 14.Nxe5 d6 15.Nf3 
Bd7 16.Re1 a5 17.a3 b5 18.Bb3 Bg4 19.h3 Bxf3 
20.Qxf3 c5 21.e5 dxe5 22.Rxe5 Qd6 23.Rae1 Ra7 
24.bxc5 Qd8 25.d4 g5 26.Bg3 b4 27.Qe3 Re8 28.cxb4 
axb4 29.a4 Nh5 30.d5 f6 31.d6+ Kf8 32.dxe7+ Raxe7 
33.Rxe7 Rxe7 34.Qxe7+ Qxe7 35.Bd6 Qxd6 
36.cxd6 1-0

[Event "HCL-C312"]
[Site "www.playchess.de"]
[Date "2001.04.28"]
[Round "5"]
[White "Trodat"]
[Black "Lukas"]
[WhiteElo "1069"]
[BlackElo "1108"]
[PlyCount "84"]
[Result "0-1"]

1.e4 e5 2.Nf3 Nc6 3.Nc3 Nf6 4.Bb5 Bb4 5.d4 exd4 
6.Nxd4 Nxe4 7.Qd3 Bxc3+ 8.bxc3 O-O 9.Qxe4 Re8 
10.Qe3 Rxe3+ 11.Bxe3 Nxd4 12.cxd4 d6 13.O-O Bf5 
14.c3 Qf6 15.Bc4 Re8 16.Rfe1 h6 17.Bd5 c6 18.Bf3 
d5 19.Bf4 Qd8 20.Be5 f6 21.Bf4 Rxe1+ 22.Rxe1 Qa5 
23.Re8+ Kf7 24.Re3 Qxa2 25.g4 Be4 26.Bxe4 dxe4 
27.Kg2 Qb1 28.Bc7 b5 29.h4 Ke6 30.f3 Kd7 31.Bg3 
exf3+ 32.Kxf3 a5 33.Kf4 a4 34.Re1 Qb2 35.Kf5 Qxc3 
36.Bf2 a3 37.Ke4 a2 38.d5 a1Q {%}  39.Rxa1 cxd5+ 
40.Kf4 Qxa1 41.Kf3 b4 42.g5 b3 0-1

[Event "HCL-A152"]
[Site "www.playchess.de"]
[Date "2001.04.28"]
[Round "17"]
[White "Erhaem"]
[Black "LUPES"]
[WhiteElo "1700"]
[BlackElo "1818"]
[PlyCount "36"]
[Result "0-1"]

1.d4 d5 2.Nf3 Nf6 3.Bg5 Ne4 4.e3 Nxg5 5.Nxg5 e5 
6.Nf3 e4 7.Nfd2 c6 8.Be2 Bd6 9.g3 O-O 10.O-O Bh3 
11.Re1 b5 12.b3 Nd7 13.c4 bxc4 14.bxc4 Rb8 15.Nc3 
Bb4 16.Qb3 Qa5 17.Ndb1 c5 18.Nxd5 
Bxe1 0-1

[Event "ACL-A173"]
[Site "www.playchess.de"]
[Date "2001.04.28"]
[Round "19"]
[White "DKCozy"]
[Black "esad"]
[WhiteElo "1795"]
[BlackElo "1309"]
[PlyCount "65"]
[Result "1-0"]

1.f4 d5 2.Nf3 Nf6 3.e3 Bg4 4.b3 e6 5.Bb2 Bb4 6.Be2 
O-O 7.O-O Nc6 8.a3 Bc5 9.Ne5 Bxe2 10.Qxe2 d4 
11.Nxc6 bxc6 12.c4 dxe3 13.dxe3 Qb8 14.b4 Bd6 
15.Nd2 Qb6 16.Bxf6 gxf6 17.c5 Bxc5 18.bxc5 Qxc5 
19.Rfc1 Qd6 20.Ne4 Qe7 21.Rxc6 f5 22.Ng3 Rfb8 
23.Rac1 Qxa3 24.Nh5 h6 25.e4 Rb2 26.Qc4 Qe3+ 
27.Kh1 fxe4 28.Nf6+ Kg7 29.Qxe4 Qf2 30.Rxe6 fxe6 
31.Rxc7+ Kxf6 32.Qe5+ Kg6 33.Rg7+ 1-0

[Event "HCL-C308"]
[Site "www.playchess.de"]
[Date "2001.04.28"]
[Round "8"]
[White "Lukas"]
[Black "Gagarin"]
[WhiteElo "1115"]
[BlackElo "1391"]
[PlyCount "44"]
[Result "0-1"]

1.e4 e5 2.Nf3 Nc6 3.Bb5 a6 4.Bc4 Nf6 5.d3 Bc5 
6.O-O d6 7.c3 Bb6 8.a4 O-O 9.Bg5 h6 10.Bh4 g5 
11.Nxg5 hxg5 12.Bxg5 Kg7 13.Qf3 Rh8 14.Nd2 Qe7 
15.Rae1 Be6 16.Re3 Rag8 17.Qg3 Qd7 18.Rf3 Nh5 
19.Bxe6 Qxe6 20.Qh3 Qg6 21.Qg4 f6 22.Qd7+ 
Kf8 0-1

[Event "HCL-B323"]
[Site "www.playchess.de"]
[Date "2001.04.28"]
[Round "3"]
[White "Outeralert"]
[Black "jensm"]
[WhiteElo "1647"]
[BlackElo "1750"]
[PlyCount "85"]
[Result "1-0"]

1.Nf3 c5 {Hope you have a good game!}  2.g3 d5 
3.Bg2 Nf6 4.O-O Nc6 5.d3 e5 6.Nbd2 Be7 7.e4 O-O 
8.b3 d4 9.Nc4 Bg4 10.Qd2 Bxf3 11.Bxf3 b5 12.Na3 a6 
13.Bb2 Nd7 14.Qe2 Rc8 15.Nb1 g6 16.Nd2 Bg5 17.Bg2 
Bxd2 18.Qxd2 c4 19.Qh6 c3 20.Ba3 b4 21.Bc1 a5 
22.h4 Ra8 23.h5 Qf6 24.hxg6 hxg6 25.Bh3 Nc5 26.Kg2 
Qg7 27.Qh4 Rfb8 28.Bh6 Qh8 29.Rfh1 a4 30.Qg5 axb3 
31.axb3 Nd8 32.Rxa8 Rxa8 33.Bg4 Nde6 34.Qe7 Qh7 
35.Bg5 Qxh1+ 36.Kxh1 Nxg5 37.Qxg5 Nxd3 38.Be6 Ra1+ 
39.Kh2 fxe6 40.Qxg6+ Kh8 41.Qh6+ Kg8 42.Qxe6+ Kh7 
43.cxd3 1-0

[Event "HCL-C308"]
[Site "www.playchess.de"]
[Date "2001.04.28"]
[Round "20"]
[White "Tim"]
[Black "Gagarin"]
[WhiteElo "643"]
[BlackElo "1391"]
[PlyCount "40"]
[Result "0-1"]

1.e3 e5 2.d4 e4 3.Nc3 d5 4.f3 Nf6 5.Nge2 Bb4 6.Bd2 
Bd6 7.Nb5 Be7 8.c3 c6 9.Na3 Bxa3 10.b4 exf3 
11.gxf3 Nh5 12.f4 Qh4+ 13.Ng3 Nxg3 14.hxg3 Qxg3+ 
15.Ke2 Bg4+ 16.Kd3 Bxd1 17.Bc1 Qg6+ 18.Kd2 Qc2+ 
19.Ke1 Bxc1 20.a4 Qd2+ 0-1

[Event "ACL-A167"]
[Site "www.playchess.de"]
[Date "2001.04.28"]
[Round "3"]
[White "vijal"]
[Black "richard"]
[WhiteElo "1373"]
[BlackElo "1783"]
[PlyCount "50"]
[Result "0-1"]

1.d4 Nf6 {you again!! good luck}  2.Nf3 g6 3.c4 
Bg7 {a deviation already!}  4.Nc3 d5 5.e3 O-O 6.b3 
c6 7.Bb2 Re8 8.Be2 dxc4 9.Bxc4 Nbd7 10.Rc1 Nb6 
{your B could be dangerous}  11.Be2 a6 12.O-O Nfd5 
13.Nxd5 Nxd5 14.e4 Nf4 15.Qc2 Nxe2+ 16.Qxe2 Bg4 
{..}  17.Qe3 Bxf3 18.Qxf3 Qb6 19.e5 e6 20.Rc3 Qxd4 
{thank you, tastes good}  21.Rc2 Qd5 {did you 
consider Qxf7+, then Rf3+?}  22.Qe2 Qb5 23.f4 Rad8 
24.Rd1 Qxe2 {the fatal blunder}  25.Rxd8 Qe1+ 
{mate}  0-1

[Event "HCL-C320"]
[Site "www.playchess.de"]
[Date "2001.04.28"]
[Round "24"]
[White "andrus"]
[Black "olaf"]
[WhiteElo "1000"]
[BlackElo "1251"]
[PlyCount "67"]
[Result "1-0"]

1.d4 d5 2.c4 dxc4 3.Nf3 e6 4.e4 c5 5.Bxc4 Nf6 6.e5 
Nfd7 7.d5 Nb6 8.Bb5+ Bd7 9.dxe6 fxe6 10.Ng5 Qe7 
11.Bd3 h6 12.Qh5+ Kd8 13.Nf7+ Kc7 14.Nxh8 Nc6 
15.Ng6 Be8 16.Nxe7 Bxh5 17.Nxc6 Kxc6 18.Nc3 a6 
19.O-O Rd8 20.Be4+ Kc7 21.f4 Nc4 22.h3 Bf7 23.Rd1 
Rxd1+ 24.Nxd1 g6 25.Ne3 Nb6 26.Bd2 Nd7 27.Rd1 b6 
28.Nc4 Be7 29.Be3 Be8 30.Nd6 Bxd6 31.Rxd6 Kc8 
32.Rxe6 Bf7 33.Rc6+ Kd8 34.e6 1-0

[Event "HCL-C316"]
[Site "www.playchess.de"]
[Date "2001.04.28"]
[Round "3"]
[White "fossa"]
[Black "vijal"]
[WhiteElo "1068"]
[BlackElo "950"]
[PlyCount "61"]
[Result "1-0"]

1.e3 e5 2.c4 Nc6 3.Nc3 Nf6 4.Qc2 d6 5.Nf3 Be6 
6.Be2 h6 7.O-O Be7 8.g3 O-O 9.d4 exd4 10.exd4 d5 
11.c5 a6 12.Ne5 Nxe5 13.dxe5 Nd7 14.f4 Nxc5 15.f5 
Bd7 16.f6 gxf6 17.Bxh6 Re8 18.Bh5 f5 19.Qg2 c6 
20.g4 fxg4 21.Bxf7+ Kh7 22.Bxe8 Qxe8 23.Be3 Qg6 
24.Rad1 Bf5 25.Qf2 Rf8 26.Bxc5 Qe6 27.Bxe7 Qxe7 
28.Qe3 Qe6 29.Rf4 Rg8 30.Ne2 Be4 
31.Rf6 1-0

[Event "HCL-B330"]
[Site "www.playchess.de"]
[Date "2001.04.28"]
[Round "5"]
[White "altmax"]
[Black "tyronetyfly"]
[WhiteElo "1085"]
[BlackElo "739"]
[PlyCount "25"]
[Result "1-0"]

1.e4 {Hello and Good Luck!}  e5 2.Nf3 Bc5 3.Nxe5 
Qe7 4.d4 Bb4+ 5.c3 Nf6 6.cxb4 Nxe4 7.Qe2 Qxb4+ 
8.Nc3 Nxc3 9.Qh5 g6 10.Qf3 Nb5+ 11.Bd2 Qxb2 
12.Qxf7+ Kd8 13.Bg5+ 1-0

[Event "HCL-B330"]
[Site "www.playchess.de"]
[Date "2001.04.28"]
[Round "7"]
[White "Gruhni"]
[Black "GM2600"]
[WhiteElo "1312"]
[BlackElo "1199"]
[PlyCount "54"]
[Result "0-1"]

1.e4 {Hello from Frankfurt in Germany!}  e5 {Hello 
from New York}  2.Nf3 Nc6 3.Bc4 Bc5 4.d3 Nf6 5.Nc3 
Ng4 6.O-O Nxf2 7.Rxf2 Bxf2+ 8.Kxf2 h6 9.b3 O-O 
10.Bb2 d6 11.Qd2 Bg4 12.h3 Bxf3 13.Kxf3 Nd4+ 
14.Kf2 Qh4+ 15.Kf1 c6 16.Ne2 Nxe2 17.Qxe2 b5 
18.Bxb5 cxb5 19.Kg1 f5 20.Rf1 fxe4 21.Rxf8+ Rxf8 
22.dxe4 Rf4 23.Qxb5 Rxe4 24.Qe8+ Kh7 25.Qe6 Re1+ 
26.Kh2 Qf4+ 27.g3 {Congratiulations! 25. Qf8 ist 
better then 25. Qe6 :)}  Qf2+ {yup, good game!!} 
 0-1

[Event "HCL-B330"]
[Site "www.playchess.de"]
[Date "2001.04.28"]
[Round "9"]
[White "Gruhni"]
[Black "yxw1"]
[WhiteElo "1312"]
[BlackElo "1489"]
[PlyCount "66"]
[Result "0-1"]

1.e4 {Hello from Frankfurt in Germany!}  e5 {Hi, I 
am Chinese and in Houston, USA now. Nice meet u!}  
2.Nf3 {Nice to meet you too! Good luck!}  Nc6 
3.Bb5 d6 4.d4 g6 5.d5 a6 6.Ba4 b5 7.Bb3 Na5 8.O-O 
Bg7 9.a3 Nxb3 10.cxb3 Nf6 11.Bg5 h6 12.Bxf6 Qxf6 
13.Nc3 O-O 14.Rc1 Qd8 15.Rc2 f5 16.Nh4 Qxh4 17.f3 
Bd7 18.Rcf2 f4 19.Ne2 Rac8 20.g3 fxg3 21.hxg3 Qe7 
22.Rh2 c5 23.Kf2 Rf6 24.Ke3 Qf7 25.f4 exf4+ 
26.Rxf4 Re8 27.Kd3 Rxf4 28.Nxf4 g5 29.Nh5 Qg6 
30.Qh1 Rxe4 31.Qxe4 Bf5 32.Qxf5 Qxf5+ 33.Ke3 
Qe5+ 0-1

[Event "HCL-C321"]
[Site "www.playchess.de"]
[Date "2001.04.28"]
[Round "36"]
[White "Tim"]
[Black "mdammann"]
[WhiteElo "642"]
[BlackElo "1157"]
[PlyCount "58"]
[Result "0-1"]

1.e3 Nf6 2.f4 Nc6 3.a3 d5 4.Nf3 Bf5 5.d3 e6 6.h3 
Bd6 7.g4 Bg6 8.g5 Nd7 9.Nh4 e5 10.Nxg6 hxg6 11.b4 
f6 12.Nc3 d4 13.Ne4 Bf8 14.Bb2 Qe7 15.Qg4 f5 
16.Qg2 Nb6 17.Nf6+ gxf6 18.gxf6 Qxf6 19.Bc1 Qh4+ 
20.Kd1 Na4 21.Qxg6+ Ke7 22.Qxf5 Nc3+ 23.Kd2 Nd5 
24.Qg6 Qf2+ 25.Be2 Qxe3+ 26.Kd1 Qf2 27.Qg5+ Kd7 
28.Bg4+ Ke8 29.fxe5 Nc3+ 0-1

[Event "HCL-B331"]
[Site "www.playchess.de"]
[Date "2001.04.28"]
[Round "12"]
[White "lonewolf"]
[Black "Stephen21"]
[WhiteElo "1691"]
[BlackElo "1190"]
[PlyCount "61"]
[Result "1-0"]

1.d4 d5 2.Nf3 Bg4 3.c4 dxc4 4.e3 e6 5.Bxc4 Nf6 
6.h3 Bb4+ 7.Bd2 Bxf3 8.Qxf3 Bxd2+ 9.Nxd2 O-O 
10.Qxb7 Nbd7 11.Qc6 Rb8 12.Bb3 Rb6 13.Qa4 Qa8 
14.O-O Nd5 15.Qxd7 Nf6 16.Qxc7 Rc6 17.Qe5 a5 
18.Ba4 Rb6 19.b3 Qc8 20.Rac1 Qb7 21.Rc7 Qa6 22.Nc4 
Rb4 23.Qxa5 Qxa5 24.Nxa5 Ne4 25.Nc6 Rb6 26.Rc1 Nd2 
27.f3 g5 28.Rd1 Nxf3+ 29.gxf3 h5 30.d5 Kg7 
31.dxe6 1-0

[Event "HCL-B331"]
[Site "www.playchess.de"]
[Date "2001.04.28"]
[Round "21"]
[White "lonewolf"]
[Black "esad"]
[WhiteElo "1691"]
[BlackElo "1383"]
[PlyCount "53"]
[Result "1-0"]

1.d4 d5 2.c4 Nf6 3.cxd5 Nxd5 4.e4 Nb6 5.Nf3 Bg4 
6.Nc3 e6 7.h3 Bxf3 8.gxf3 Bb4 9.Rg1 g6 10.a3 Bxc3+ 
11.bxc3 Nc6 12.a4 e5 13.a5 Nc8 14.a6 b6 15.Bb5 O-O 
16.Bxc6 Rb8 17.dxe5 Qxd1+ 18.Kxd1 Ne7 19.Bb5 c6 
20.Bc4 b5 21.Ba2 Rb6 22.Ke2 Rxa6 23.Bxf7+ Rxf7 
24.Rxa6 c5 25.Bh6 Nc8 26.Rd1 Rc7 
27.Rf6 1-0

[Event "HCL-C329"]
[Site "www.playchess.de"]
[Date "2001.04.28"]
[Round "12"]
[White "lsoule"]
[Black "Henri"]
[WhiteElo "1026"]
[BlackElo "623"]
[PlyCount "37"]
[Result "1-0"]

1.e4 e5 {Bonjour et Bonne partie. Henri}  2.Nf3 
{Hello from Santa Cruz, California}  Nc6 {Ma home 
is in Bourgogne...}  3.Nc3 Nf6 4.d4 exd4 5.Nxd4 
Bb4 6.Nxc6 bxc6 7.Bd3 O-O 8.e5 Bxc3+ 9.bxc3 Nd5 
10.Bb2 d6 11.c4 Nf4 12.Be4 Bb7 13.exd6 cxd6 14.O-O 
d5 15.cxd5 cxd5 16.Qg4 Ng6 17.Bd3 Rc8 18.h4 Ne7 
19.Qxg7+ 1-0

[Event "HCL-B340"]
[Site "www.playchess.de"]
[Date "2001.04.28"]
[Round "1"]
[White "rbverhoef"]
[Black "Roland_007"]
[WhiteElo "1567"]
[BlackElo "2302"]
[PlyCount "69"]
[Result "1-0"]

1.Nf3 c5 2.e4 Nc6 3.Bb5 e6 4.O-O Nge7 5.c3 d5 
6.Re1 dxe4 7.Rxe4 a6 {hai.....}  8.Ba4 b5 9.Bc2 
Nd5 10.d4 Bb7 11.a4 Nf6 12.Rh4 b4 13.Bg5 cxd4 
14.Nxd4 Be7 15.Nxc6 Qxd1+ 16.Bxd1 Bxc6 17.cxb4 O-O 
18.Nc3 Rfb8 19.Rc4 Bd5 20.Nxd5 exd5 21.Rd4 Rxb4 
22.Bxf6 gxf6 23.Rxd5 Rxb2 24.Bf3 Rd8 25.Ra5 Rdd2 
26.Rxa6 Bc5 27.Kh1 Rdxf2 28.Ra8+ {homo}  Kg7 
29.Rd8 Rb4 30.Rdd1 {HOMOFIELO, HAHAHA, je stinkt 
Roland.}  Bd4 31.Ra3 Be5 32.a5 Rd4 33.Re1 {ROLAND; 
JE BENT EEN VIESE HOMO; EEN TERINGSUKKEL; HAHAHA}  
Bd6 34.Raa1 Be5 35.a6 1-0

[Event "HCL-B336"]
[Site "www.playchess.de"]
[Date "2001.04.28"]
[Round "19"]
[White "Sportman"]
[Black "lonewolf"]
[WhiteElo "946"]
[BlackElo "1697"]
[PlyCount "26"]
[Result "0-1"]

1.d4 Nf6 2.e3 e6 3.Bd3 Nc6 4.c3 e5 5.Nd2 d5 6.Qc2 
e4 7.Bb5 a6 8.Bxc6+ bxc6 9.Nb3 a5 10.a4 Qd7 11.h3 
Be7 12.Bd2 Ba6 13.O-O-O Bd3 0-1

[Event "HCL-A166"]
[Site "www.playchess.de"]
[Date "2001.04.28"]
[Round "2"]
[White "Rparkes"]
[Black "Translightor"]
[WhiteElo "1894"]
[BlackElo "1507"]
[PlyCount "23"]
[Result "1/2-1/2"]

1.d4 {Hola!!}  Nf6 {Hola, qué tal?}  2.c4 {Bien, 
Gracias. Hablas Español?}  e6 {Bastante. Soy 
traductor de inglès e español.}  3.Nc3 Bb4 4.a3 
{Me parece muy interesante. Por lo menos nos vamos 
a entender.}  Bxc3+ {Creo que sí. Cuál es tu 
profesión?}  5.bxc3 c5 6.Bg5 h6 7.Bxf6 {Soy 
Ingeniero en Informática. Y tu?}  Qxf6 {Hago 
traducciones técnicas, comerciales y jurídicas. 
Temas aburridas.}  8.Nf3 O-O 9.e3 {No me parece 
tan aburrido}  b6 {En un contrato de 20 páginas, 
18 no contienen contenido, sino formalidades.}  
10.Be2 {Entiendo, ahora}  Bb7 11.O-O d6 
12.a4 1/2-1/2

[Event "HCL-C330"]
[Site "www.playchess.de"]
[Date "2001.04.28"]
[Round "3"]
[White "Lukas"]
[Black "sid317"]
[WhiteElo "1202"]
[BlackElo "777"]
[PlyCount "87"]
[Result "1-0"]

1.e4 e5 {Hi, best of luck.}  2.Nf3 {Good luck! - 
Sorry, I don´t speak English...}  Nc6 3.Bb5 Nf6 
4.O-O Bc5 5.Nxe5 Nxe5 6.d4 a6 7.Ba4 b5 8.Bb3 O-O 
9.dxc5 c6 10.f4 Neg4 11.e5 Nxh2 12.Kxh2 Ne4 13.Nc3 
Qh4+ 14.Kg1 Ng3 15.Re1 Qh1+ 16.Kf2 Qh4 17.Ke3 Nf5+ 
18.Ke2 Ng3+ 19.Kd3 d6 20.cxd6 Bf5+ 21.Kd4 c5+ 
22.Kxc5 Rac8+ 23.Kb4 Qd8 24.Bd5 Bd7 25.a3 a5+ 
26.Kb3 a4+ 27.Ka2 b4 28.axb4 Qb6 29.Be3 Qa6 30.Qd3 
Qxd3 31.cxd3 Nf5 32.Kb1 Rcb8 33.Bc5 Nh4 34.Kc2 Be6 
35.Bxe6 fxe6 36.g3 Nf5 37.g4 Nh6 38.f5 Nxg4 
39.fxe6 Rf2+ 40.Re2 Ne3+ 41.Bxe3 Rff8 42.d7 Rbd8 
43.e7 Rxd7 44.exf8R+ {%}  1-0

[Event "HCL-B339"]
[Site "www.playchess.de"]
[Date "2001.04.28"]
[Round "9"]
[White "Gruhni"]
[Black "rbverhoef"]
[WhiteElo "1321"]
[BlackElo "1429"]
[PlyCount "71"]
[Result "1-0"]

1.e4 {Hello from Frankfurt in Germany!}  e5 2.Nf3 
Nc6 3.Bc4 Nf6 4.d3 d5 5.exd5 Nxd5 6.Nc3 Nxc3 
7.bxc3 Be7 8.O-O O-O 9.Bb2 Bg4 10.h3 e4 11.dxe4 
Qxd1 12.Rfxd1 Bxf3 13.gxf3 Ne5 14.Be2 Ng6 15.Rd7 
Bd6 16.c4 Rfe8 17.c5 Nf8 18.Rxd6 cxd6 19.cxd6 Red8 
20.e5 Rac8 21.Bd3 Ne6 22.Re1 Nc5 23.Bf5 Rc6 24.Re2 
Ne6 25.Kh2 g6 26.Be4 Rb6 27.c4 Ng5 28.Bd4 Rb4 
29.Bd5 b5 30.Be3 Ne6 31.c5 Kf8 32.c6 a5 33.Bxe6 
fxe6 34.c7 Ra8 35.d7 Ke7 36.c8Q {%} 
 1-0

[Event "HCL-B341"]
[Site "www.playchess.de"]
[Date "2001.04.28"]
[Round "6"]
[White "rbverhoef"]
[Black "fanny"]
[WhiteElo "1384"]
[BlackElo "1674"]
[PlyCount "45"]
[Result "1/2-1/2"]

1.e4 c5 2.Nc3 e5 3.Nf3 d6 4.Bb5+ Bd7 5.Bxd7+ Qxd7 
6.Nd5 Ne7 7.Nxe7 Bxe7 8.O-O Nc6 9.c3 O-O 10.d4 
Rad8 11.d5 Na5 12.b4 cxb4 13.cxb4 Nc4 14.a4 Rdc8 
15.a5 Qb5 16.Qa4 Qxa4 17.Rxa4 Bd8 18.Bg5 b5 
19.axb6 axb6 20.Bxd8 Rfxd8 21.h3 h6 22.Kh2 Kf8 
23.Rc1 1/2-1/2

[Event "HCL-C327"]
[Site "www.playchess.de"]
[Date "2001.04.28"]
[Round "30"]
[White "Tim"]
[Black "Lukas"]
[WhiteElo "658"]
[BlackElo "1231"]
[PlyCount "52"]
[Result "0-1"]

1.e4 e5 2.Nf3 Nc6 3.d3 Nf6 4.a3 d5 5.Nfd2 Bc5 6.b4 
Bb6 7.c4 dxc4 8.Nxc4 Bd4 9.Ra2 Ng4 10.Ne3 Nxe3 
11.fxe3 Bb6 12.Be2 O-O 13.O-O Be6 14.Rc2 Bb3 15.b5 
Bxc2 16.Qxc2 Na5 17.Bd2 Bc5 18.Bxa5 Bxe3+ 19.Kh1 
Re8 20.Bxc7 Qd7 21.Ba5 Rac8 22.Qb3 Qe6 23.Qxe6 
Rxe6 24.Bg4 Rf6 25.Rxf6 Rc1+ 26.Rf1 
Rxf1+ 0-1

[Event "HCL-C109"]
[Site "www.playchess.de"]
[Date "2001.04.29"]
[Round "8"]
[White "Goldie"]
[Black "chessy"]
[WhiteElo "1000"]
[BlackElo "1000"]
[PlyCount "53"]
[Result "1-0"]

1.e4 e6 2.Nf3 d5 3.Ng5 Qxg5 4.h4 Qe5 5.d3 dxe4 
6.d4 Qa5+ 7.Bd2 Qb6 8.Nc3 Qxd4 9.Bb5+ c6 10.Be3 
Qxd1+ 11.Nxd1 cxb5 12.Nc3 Bb4 13.a3 Bxc3+ 14.bxc3 
Nc6 15.c4 bxc4 16.Rd1 Nge7 17.Rh3 O-O 18.Bg5 Nd5 
19.f3 exf3 20.Rxf3 Ne5 21.Rg3 Kh8 22.Bd2 a5 23.Rg5 
f6 24.Rg3 b5 25.Rb1 Bd7 26.Kd1 Rfc8 
27.h5 1-0

[Event "HCL-M009"]
[Site "www.playchess.de"]
[Date "2001.04.29"]
[Round "10"]
[White "messeer"]
[Black "Exchange_with_Tempo"]
[WhiteElo "2200"]
[BlackElo "2227"]
[PlyCount "49"]
[Result "1-0"]

1.Nf3 d5 2.c4 c6 3.g3 Nf6 4.Bg2 Bg4 5.cxd5 cxd5 
6.Qb3 Qb6 7.Qxb6 axb6 8.Nc3 Nc6 9.d3 e6 10.Nb5 Ra5 
11.a4 Bb4+ 12.Bd2 O-O 13.Bxb4 Nxb4 14.Kd2 Rfa8 
15.Rhc1 Nd7 16.b3 Nc5 17.Rab1 Na2 18.Rc2 Nb4 
19.Rcc1 Na2 20.Rce1 Nb4 21.Rb2 f6 22.Kc3 Nc6 
23.Nfd4 Rd8 24.h3 Bh5 25.Ra1 1-0